Geometría analítica

Saved in:
Bibliografiske detaljer
Hovedforfatter: Lehmann, Charles H (Author)
Format: Bog
Sprog:spansk
Udgivet: Ciudad de México Limusa 1995
Fag:
Tags: Tilføj Tag
Ingen Tags, Vær først til at tagge denne postø!

MARC

LEADER 00000nam a2200000 a 4500
001 UCQ9196
003 CL-VaPUC
005 20230613092834.0
008 981230e19950000MX |||||||||||||||||spa|d
999 |c 278284  |d 278282 
040 |c Pontificia Universidad Católica de Valparaíso 
082 0 4 |a 516.3  |b LEH  |2 21 
100 |a Lehmann, Charles H  |e author  |9 598163 
245 1 0 |a Geometría analítica 
260 |a Ciudad de México  |b Limusa  |c 1995 
300 |a 494 p 
583 |a last modification  |c 19981230 00:00:00  |k Rodrigo Vera 
650 0 |a Geometría analítica   |9 260062 
942 |c BK  |2 ddc 
945 |d 19981230 00:00:00  |a crobeson 
952 |0 0  |1 0  |4 0  |6 516_300000000000000_LEH_1995  |7 0  |8 A  |9 316752  |a BIBMAT  |b BIBMAT  |d 2019-11-20  |i 1313118  |l 1  |o 516.3 LEH 1995  |p 1313118  |r 2025-01-07  |s 2023-03-27  |w 2019-11-20  |y BK  |k MAT